<?xml version="1.0" encoding="UTF-8"?>
<collection xmlns="http://www.loc.gov/MARC21/slim">
 <record>
  <leader>     na                 </leader>
  <controlfield tag="001">INLIS000000000695589</controlfield>
  <controlfield tag="005">20230724013533</controlfield>
  <datafield tag="035" ind1=" " ind2=" ">
   <subfield code="a">0010-0723000073</subfield>
  </datafield>
  <controlfield tag="007">ta</controlfield>
  <controlfield tag="008">230724                g          0 ind  </controlfield>
  <datafield tag="020" ind1=" " ind2=" ">
   <subfield code="a">978-623-7498-81-0</subfield>
  </datafield>
  <datafield tag="082" ind1=" " ind2=" ">
   <subfield code="a">658.45</subfield>
  </datafield>
  <datafield tag="084" ind1=" " ind2=" ">
   <subfield code="a">658.45 HER k</subfield>
  </datafield>
  <datafield tag="100" ind1="0" ind2=" ">
   <subfield code="a">Hery</subfield>
  </datafield>
  <datafield tag="245" ind1="1" ind2=" ">
   <subfield code="a">Komunikasi bisnis /</subfield>
   <subfield code="c">Dr. H.C. Hery, S.E., M.Si., CRP, RSA, CFRM, CIISA, CIFRS; editor, Turiyanto</subfield>
  </datafield>
  <datafield tag="250" ind1=" " ind2=" ">
   <subfield code="a">Cet. 1</subfield>
  </datafield>
  <datafield tag="260" ind1=" " ind2=" ">
   <subfield code="a">Yogyakarta :</subfield>
   <subfield code="b">Gava Media,</subfield>
   <subfield code="c">2021</subfield>
  </datafield>
  <datafield tag="300" ind1=" " ind2=" ">
   <subfield code="a">viii, 216 ;</subfield>
   <subfield code="c">23 cm</subfield>
  </datafield>
  <datafield tag="650" ind1=" " ind2="4">
   <subfield code="a">Komunikasi dalam bisnis</subfield>
  </datafield>
  <datafield tag="650" ind1=" " ind2="4">
   <subfield code="a">Ekonomi</subfield>
  </datafield>
  <datafield tag="700" ind1="0" ind2=" ">
   <subfield code="a">Turiyanto</subfield>
  </datafield>
  <datafield tag="520" ind1=" " ind2=" ">
   <subfield code="a">Komunikasi bisnis adalah komunikasi yang digunakan dalam dunia bisnis, yang mencakup berbagai macam bentuk komunikasi, baik komunikasi verbal maupun komunikasi nonverbal untuk mencapai tujuan tertentu. Dalam dunia bisnis, seorang komunikator yang baik di samping harus memiliki kemampuan berkomunikasi yang baik juga harus mampu menggunakan berbagai macam alat atau media komunikasi yang ada untuk menyampaikan pesan-pesan bisnis kepada pihak lain secara efektif dan efisien, sehingga tujuan penyampaian pesan-pesan bisnis tersebut dapat tercapai.</subfield>
  </datafield>
  <datafield tag="990" ind1=" " ind2=" ">
   <subfield code="a">510238/DPKBWI/2022</subfield>
  </datafield>
  <datafield tag="990" ind1=" " ind2=" ">
   <subfield code="a">510239/DPKBWI/2022</subfield>
  </datafield>
  <datafield tag="990" ind1=" " ind2=" ">
   <subfield code="a">510240/DPKBWI/2022</subfield>
  </datafield>
 </record>
</collection>
